Quaestio de gradu supremo

Guardado en:
Detalles Bibliográficos
Autor principal: Ripa, Jean de (Autor)
Formato: Libro
Lenguaje:francés
Publicado: París J. Vrin 1964
Colección:Textes Philosophiques du Moyen Age, 12
Materias:
Etiquetas: Agregar Etiqueta
Sin Etiquetas, Sea el primero en etiquetar este registro!

MARC

LEADER 00000nam a2200000 a 4500
001 UCZ3927
003 CL-VaPUC
008 951027e19640000FR |||||||||||||||||fre|d
082 0 4 |a 189  |b RIP  |2 21 
100 0 |a Ripa, Jean de  |e author  |9 347781 
245 1 0 |a Quaestio de gradu supremo 
300 |a 227 p 
942 |c BK 
945 |d 19951027 00:00:00  |a lriquelm 
260 |a París  |b J. Vrin  |c 1964 
650 0 |a Filosofía medieval  |9 256245 
650 0 |a Metafísica  |9 265649 
650 7 |a SER  |2 CL-VaPUC  |9 320176 
650 7 |a HOMBRE  |2 CL-VaPUC  |9 262149 
650 0 |a Naturaleza humana   |9 308593 
583 |a last modification  |c 19951027 00:00:00  |k Rodrigo Vera 
490 0 |a Textes Philosophiques du Moyen Age, 12 
999 |c 240370  |d 240368 
952 |0 0  |1 0  |4 0  |6 189_000000000000000_RIP_1964  |7 0  |8 P  |9 252213  |a BIBEDU  |b BIBEDU  |c BIBEDU_PB  |d 2019-11-18  |i 1591894  |o 189 RIP 1964  |p 1591894  |r 2024-01-25  |w 2019-11-18  |y BK  |k FIL